| 000 | 00530nam a22001937a 4500 | ||
|---|---|---|---|
| 003 | NUST - PNEC | ||
| 005 | 20170116180825.0 | ||
| 008 | 150702b xxu||||| |||| 00| 0 eng d | ||
| 020 | _a0070237530 | ||
| 040 | _cLIBRARY | ||
| 082 | _a511.8 GOO | ||
| 100 |
_94304 _aGoodman, S.E. |
||
| 245 |
_aIntroduction to the design and analysis of algorithms _cS.E. Goodman |
||
| 250 | _a- | ||
| 260 |
_aNew Delhi _bMcGraw-Hill Book Company _cc1987. |
||
| 300 | _a371 p. : | ||
| 650 |
_94307 _aComputer programming _xME |
||
| 942 |
_2ddc _cBK |
||
| 999 |
_c63851 _d63851 |
||